| 000 | 00395nam a2200157Ia 4500 | ||
|---|---|---|---|
| 008 | 230524s9999 xx 000 0 und d | ||
| 082 |
_a5.73 _bWEL |
||
| 100 | _aMank Allen Weiss | ||
| 245 | 0 | _aData Structure and Algorithim Analysis in C++ | |
| 250 | _a2ND | ||
| 260 |
_aNEW DELHI _bPearson _c2002 |
||
| 300 | _aXVIII;577 | ||
| 500 | _aQuantity Number: 3 | ||
| 650 | _aComp-Sc | ||
| 942 | _cBK | ||
| 999 |
_c31687 _d31687 |
||